| 000 | 00000nam 2200000za 4500 |
| 001 | 9.807049 |
| 003 | CaOODSP |
| 005 | 20221107140039 |
| 007 | cr ||||||||||| |
| 008 | 160503s2016 qucd ob f000 0 fre d |
| 020 | |a978-0-660-03965-7 |
| 040 | |aCaOODSP|bfre |
| 043 | |an-cn--- |
| 086 | 1 |aCH44-156/2015F-PDF |
| 245 | 00|aRetombées économiques des coproductions audiovisuelles régies par des traités et des coentreprises au Canada |h[ressource électronique]. |
| 260 | |a[Gatineau, Québec] : |bPatrimoine canadien, |cc2016. |
| 300 | |axix, 149 p. : |bfig., tableaux |
| 500 | |aPublié aussi en anglais sous le titre : Economic impact of audiovisual treaty coproductions and co-ventures in Canada. |
| 500 | |a« Soumis à Patrimoine canadien par Nordicity en collaboration avec Duopoly, le 31 mars 2015. » |
| 504 | |aComprend des références bibliographiques (p. 108). |
| 692 | 07|2gccst|aIndustrie cinématographique |
| 692 | 07|2gccst|aTélévision |
| 692 | 07|2gccst|aAccord international |
| 692 | 07|2gccst|aImpact économique |
| 710 | 1 |aCanada. |bPatrimoine canadien. |
| 775 | 08|tEconomic impact of audiovisual treaty coproductions and co-ventures in Canada |w(CaOODSP)9.807041 |
| 856 | 40|qPDF|s3.34 Mo|uhttps://publications.gc.ca/collections/collection_2016/pch/CH44-156-2015-fra.pdf |